| 000 | 00661nam a2200217 a 4500 | ||
|---|---|---|---|
| 001 | BRCA_4894 | ||
| 005 | 20190320204840.0 | ||
| 008 | 191010s1989----mx-a######---#000-p#spa-# | ||
| 020 | _a9687037342 | ||
| 041 | _aspa | ||
| 044 | _amx | ||
| 050 | 4 |
_aPQ6335 _b.A58 1989 |
|
| 245 | 1 | 0 |
_aAntologia poética sobre el Quijote _cintroducción y recopilación de Francisco Cervantes. |
| 260 |
_aMéxico _bFundación Cervantina Eulalio Ferrer _c1989 |
||
| 300 |
_a147 p. _bil. _c28 cm. |
||
| 500 | _aIncluye índice de autores | ||
| 600 | 1 | 4 |
_aCervantes Saavedra, Miguel de _d1547-1616 _9213 |
| 700 | 1 |
_aCervantes, Francisco _912402 |
|
| 902 | _aCERV | ||
| 942 |
_2lcc _cB |
||
| 999 |
_c4588 _d4588 |
||